Stamp Duty breaches EC rules (Record no. 70221)

MARC details
000 -LEADER
fixed length control field 01315cam a2200241 4500
001 - CONTROL NUMBER
control field WB3817-20
008 - FIXED-LENGTH DATA ELEMENTS--GENERAL INFORMATION
fixed length control field 020509n2002 000 0 eng u
035 ## - SYSTEM CONTROL NUMBER
System control number (Sirsi) u117904
245 ## - TITLE STATEMENT
Title Stamp Duty breaches EC rules
260 ## - PUBLICATION, DISTRIBUTION, ETC.
Date of publication, distribution, etc. 2002
490 ## - SERIES STATEMENT
Series statement Property Week
Volume/sequential designation 67(17) 3 May 2002, 7
490 ## - SERIES STATEMENT
Series statement Property Week
Volume/sequential designation 67(17) 3 May 2002, 3
490 ## - SERIES STATEMENT
Series statement RICS Brussels Briefing
Volume/sequential designation 7 May 2002, (2)
520 ## - SUMMARY, ETC.
Summary, etc. The European Commission has opened a formal investigation procedure into the UKαs use of stamp duty exemptions for non-residential property in disadvantaged areas on the grounds that the scheme does not conform to the ♯deprived area guidelinesα. Government and interested parties may submit comments within a limited time period. RICS will be writing to the Commission in the coming weeks. Als government proposals in the "Modernising Stamp Duty" consultation paper will add more than 4% onto outsourcing deals. The consultation paper can be found on the DTLR site. http://www.rics.org/ricscms/bin/show?class=Brief&template=/includes/showbrief.html&id=347
590 ## - LOCAL NOTE (RLIN)
Local note WB
650 ## - SUBJECT ADDED ENTRY--TOPICAL TERM
Topical term or geographic name entry element EUROPEAN COMMISSION
650 ## - SUBJECT ADDED ENTRY--TOPICAL TERM
Topical term or geographic name entry element STAMP DUTY
650 ## - SUBJECT ADDED ENTRY--TOPICAL TERM
Topical term or geographic name entry element COMMERCIAL PROPERTY TRANSACTIONS
650 ## - SUBJECT ADDED ENTRY--TOPICAL TERM
Topical term or geographic name entry element URBAN REGENERATION
650 ## - SUBJECT ADDED ENTRY--TOPICAL TERM
Topical term or geographic name entry element DISADVANTAGED AREAS
690 ## - LOCAL SUBJECT ADDED ENTRY--TOPICAL TERM (OCLC, RLIN)
Topical term or geographic name as entry element REGENERATION
942 ## - ADDED ENTRY ELEMENTS (KOHA)
Suppress in OPAC 0
Holdings
Withdrawn status Lost status Source of classification or shelving scheme Damaged status Not for loan Home library Current library Shelving location Date acquired Total Checkouts Full call number Barcode Date last seen Copy number Price effective from Koha item type
    Dewey Decimal Classification     London London News article 09/05/2002   WB3817-20 117904-1001 06/08/2019 1 06/08/2019 News article